[Event "World Blitz Women 2022"]
[Site "Almaty KAZ"]
[Date "2022.12.29"]
[Round "3.29"]
[White "Mkrtchyan, Mariam"]
[Black "Petrova, Irina"]
[Result "1-0"]
[WhiteTitle "WIM"]
[BlackTitle "WIM"]
[WhiteElo "2364"]
[BlackElo "2123"]
[WhiteFideId "13310828"]
[BlackFideId "14124122"]
[EventDate "2022.12.29"]

1. d4 d6 2. Nf3 g6 3. g3 Bg7 4. Bg2 Nf6 5. c4 O-O 6. Nc3 Nc6 7. O-O Bf5 8. d5
Na5 9. Nd4 Bd7 10. b3 c5 11. dxc6 Nxc6 12. Bb2 Rc8 13. Rc1 a6 14. a4 Nxd4 15.
Qxd4 Bc6 16. Nd5 Bxd5 17. Bxd5 Qc7 18. Bf3 a5 19. Qe3 Rfe8 20. Bd4 Nd7 21. h4
Bxd4 22. Qxd4 Nc5 23. Rc3 h5 24. Qe3 Qd7 25. Kg2 b6 26. Rd1 Qe6 27. Qd2 Qf6 28.
Re3 Ne6 29. Bd5 Rc5 30. Rf3 Qe5 31. Re3 Qf6 32. Qd3 Rf8 33. Rf3 Qe5 34. Re3 Qf6
35. Qe4 Nc7 36. Qxe7 Qxe7 37. Rxe7 Nxd5 38. Rxd5 Rxd5 39. cxd5 Rc8 40. Rb7 Rc5
41. e4 Kg7 42. Rxb6 Rc3 43. f3 Kf8 44. Rxd6 Rxb3 45. Ra6 Rb2+ 46. Kh3 Rb3 47. f4
Rb4 48. e5 Rxa4 49. d6 Ke8 50. Kg2 Kd7 51. Ra7+ Ke8 52. Kf3 Ra3+ 53. Ke4 a4 54.
Kd5 Rd3+ 55. Ke4 Ra3 56. f5 gxf5+ 57. Kxf5 Rxg3 58. Rxa4 Rf3+ 59. Kg5 Re3 60.
Ra5 Kd7 61. Kxh5 Ke6 62. Kg5 Rg3+ 63. Kf4 Rg1 64. Rb5 Rf1+ 65. Ke4 Re1+ 66. Kf4
Rf1+ 67. Kg4 Rg1+ 68. Kh5 Rg2 69. Kh6 Rg1 70. Rb3 Kxe5 71. Rd3 Rg8 72. d7 Rd8
73. Kg7 f5 74. Kf7 Ke4 75. Rd1 f4 76. Ke7 Rxd7+ 77. Kxd7 Kf5 78. Rf1 Kg4 79. h5 1-0

[Event "World Blitz Women 2022"]
[Site "Almaty KAZ"]
[Date "2022.12.29"]
[Round "3.30"]
[White "Mikhaylova, Irina"]
[Black "Muminova, Nafisa"]
[Result "0-1"]
[WhiteTitle "WGM"]
[BlackTitle "WGM"]
[WhiteElo "2257"]
[BlackElo "2274"]
[WhiteFideId "4109040"]
[BlackFideId "14201526"]
[EventDate "2022.12.29"]

1. d4 e6 2. Nf3 Nf6 3. c4 b6 4. a3 Bb7 5. Nc3 Be7 6. Qc2 c5 7. dxc5 bxc5 8. e4
d6 9. Bf4 O-O 10. Rd1 Qb6 11. Bd3 Nc6 12. O-O Nd4 13. Nxd4 cxd4 14. Ne2 Rac8 15.
e5 dxe5 16. Bxe5 Qc6 17. f3 Rfd8 18. Kh1 g6 19. Nxd4 Qb6 20. Nb5 a6 21. Nc3 Qa5
22. Bg3 Nh5 23. Bf2 Bd6 24. Be4 Qe5 25. g3 Bxe4 26. Qxe4 Qf6 27. c5 Bc7 28. Qe2
Rb8 29. Rxd8+ Rxd8 30. Rd1 Rb8 31. b4 Qxc3 32. Rd3 Qa1+ 33. Kg2 Be5 34. Qc2 Nf6
35. Qc4 Nd5 36. Qe4 Bg7 0-1

[Event "World Blitz Women 2022"]
[Site "Almaty KAZ"]
[Date "2022.12.29"]
[Round "3.31"]
[White "Omonova, Umida"]
[Black "Eric, Jovana"]
[Result "1-0"]
[WhiteTitle "WFM"]
[BlackTitle "WGM"]
[WhiteElo "2052"]
[BlackElo "2236"]
[WhiteFideId "14210363"]
[BlackFideId "938238"]
[EventDate "2022.12.29"]

1. e4 c5 2. Nf3 d6 3. Bb5+ Nd7 4. O-O a6 5. Bd3 Ngf6 6. Re1 e6 7. c3 b5 8. Bc2
Bb7 9. d4 cxd4 10. cxd4 Be7 11. a4 b4 12. Nbd2 a5 13. Nf1 Rc8 14. Ng3 Qc7 15.
Bd3 e5 16. Be3 O-O 17. Nf5 Bd8 18. Rc1 Qb8 19. Rxc8 Bxc8 20. dxe5 Nxe5 21. Nxe5
dxe5 22. Bc5 Bxf5 23. exf5 Re8 24. Bb5 Bb6 25. Bxb6 Qxb6 26. Bxe8 Nxe8 27. Qd7
Qb8 28. Rc1 Kf8 29. Rc8 1-0

[Event "World Blitz Women 2022"]
[Site "Almaty KAZ"]
[Date "2022.12.29"]
[Round "3.32"]
[White "Sultanbek, Zeinep"]
[Black "Garifullina, Leya"]
[Result "0-1"]
[WhiteTitle "WIM"]
[BlackTitle "IM"]
[WhiteElo "1891"]
[BlackElo "2357"]
[WhiteFideId "13710419"]
[BlackFideId "34127035"]
[EventDate "2022.12.29"]

1. Nf3 d5 2. c4 e6 3. g3 Nf6 4. Bg2 Be7 5. O-O O-O 6. d4 dxc4 7. Qc2 a6 8. a4 c5
9. dxc5 Bxc5 10. Qxc4 b6 11. Ng5 Ra7 12. Bf4 Bb7 13. Nc3 Bxg2 14. Kxg2 Nbd7 15.
b4 Be7 16. Rfd1 Qc8 17. Qb3 Qa8+ 18. Nf3 e5 19. Be3 e4 20. Nd4 Re8 21. Nf5 Bf8
22. Nd6 Re6 23. Nc4 Rc7 24. Rac1 Rec6 25. Ne5 Nxe5 26. Bd4 Ned7 27. e3 Rc4 28.
b5 axb5 29. axb5 Qc8 30. Rc2 Qe8 31. Ra2 Rc8 32. Ne2 Rb4 33. Qa3 Rxd4 34. Qb3
Rb4 35. Qa3 Rxb5 36. Qa6 Ra5 37. Rxa5 bxa5 38. Qxa5 h6 39. Nf4 Ne5 40. Rb1 Ng6
41. Ne2 Qe6 42. Nd4 Qe5 43. Rb5 Rc5 44. Rxc5 Qxc5 45. Qa8 Qd5 46. Qb8 Nd7 47.
Qd8 Kh7 48. h4 Bc5 49. Ne2 Qh5 50. Ng1 Nde5 51. Qd5 Bxe3 52. Qxe4 Bb6 53. Ne2
Qf3+ 54. Qxf3 Nxf3 55. Kxf3 Ne5+ 56. Kg2 Nd3 57. f3 Ne1+ 58. Kh3 Nxf3 59. Nf4
Bc7 60. Nd5 Bd6 61. Ne3 Nd2 62. Nf5 Be5 63. g4 g6 64. Ne3 Ne4 65. Kg2 Kg7 66.
Kf3 Nd2+ 67. Ke2 Nb3 68. Kf3 h5 69. gxh5 gxh5 70. Ke4 Bf6 71. Kf3 Nd4+ 72. Kg3
Kg6 73. Kh3 Nf5 74. Ng2 Nxh4 75. Nf4+ Kh6 76. Nd5 Bd8 77. Ne3 Kg6 78. Nd5 Bg5
79. Nc3 Nf5 80. Ne4 Nd4 81. Nd6 f5 82. Nc4 Ne6 83. Kg3 h4+ 84. Kh3 Nf4+ 85. Kh2
Bf6 86. Ne3 Be5 87. Nc4 Bc7 88. Kh1 Kg5 89. Nd2 Kg4 90. Nf1 Nd5 91. Kg2 Bf4 92.
Kh1 Kf3 93. Kg1 Nf6 94. Kh1 Kf2 95. Ng3 Kxg3 0-1

[Event "World Blitz Women 2022"]
[Site "Almaty KAZ"]
[Date "2022.12.29"]
[Round "3.33"]
[White "Nakhbayeva, Guliskhan"]
[Black "Kim, Kristina"]
[Result "1-0"]
[WhiteTitle "IM"]
[BlackTitle "WCM"]
[WhiteElo "2326"]
[BlackElo "1930"]
[WhiteFideId "13704788"]
[BlackFideId "13712438"]
[EventDate "2022.12.29"]

1. d4 f5 2. c4 Nf6 3. Nc3 g6 4. e3 Bg7 5. Bd3 d6 6. Nge2 e5 7. f3 O-O 8. Qc2 Nc6
9. Bd2 Nb4 10. Qb1 Nxd3+ 11. Qxd3 c6 12. O-O Be6 13. b3 Bf7 14. Rad1 Qc7 15. Be1
Rfe8 16. Kh1 Nh5 17. Bh4 f4 18. exf4 exf4 19. Bg5 d5 20. cxd5 cxd5 21. Qd2 h6
22. Bxf4 Nxf4 23. Qxf4 Qxf4 24. Nxf4 Rad8 25. Kg1 g5 26. Nfe2 Re3 27. Kf2 Rde8
28. Rd2 a6 29. Rc1 h5 30. Nd1 R3e7 31. Ng3 Bg6 32. Rc3 h4 33. Ne2 Rxe2+ 34. Rxe2
Bxd4+ 35. Ke1 Bxc3+ 36. Nxc3 Rd8 37. Re5 d4 38. Nd5 Bf7 39. Rxg5+ Kf8 40. Nf4 d3
41. Kd2 Ke7 42. Rg4 Kf6 43. Rxh4 Kf5 44. g3 Kf6 45. Rh6+ Kg7 46. Rh4 Bg8 47.
Rg4+ Kf6 48. Rg6+ Kf7 49. Rg5 Bh7 50. Rc5 Re8 51. Rc7+ Kg8 52. Rxb7 Rc8 53. Nxd3
Rd8 54. Rxh7 Kxh7 55. f4 Kg6 56. Ke3 Kf5 57. h3 Rh8 58. h4 Kg4 59. Kf2 Rc8 60.
Kg2 Rc2+ 61. Nf2+ Kf5 62. a4 Rb2 63. h5 Rxb3 64. Kh3 Ra3 65. Kh4 Ra2 66. Nh3
Rxa4 67. g4+ Kf6 68. g5+ Kf5 69. g6 Kf6 70. Kg4 Ra2 71. Kf3 Ra3+ 72. Kg4 Ra2 73.
Kh4 Rh2 74. Kg3 Rh1 75. Kg4 Rh2 76. f5 Rg2+ 77. Kf3 Ra2 78. Nf4 Kxf5 79. g7 Ra3+
80. Kf2 Ra2+ 81. Ke3 Ra3+ 1-0

[Event "World Blitz Women 2022"]
[Site "Almaty KAZ"]
[Date "2022.12.29"]
[Round "3.34"]
[White "Assylkhan, Asiya"]
[Black "Kovanova, Baira"]
[Result "0-1"]
[BlackTitle "WGM"]
[WhiteElo "1430"]
[BlackElo "2317"]
[WhiteFideId "13752707"]
[BlackFideId "4164083"]
[EventDate "2022.12.29"]

1. d4 d5 2. c4 e6 3. Nf3 Nf6 4. g3 Bb4+ 5. Bd2 Be7 6. Bg2 O-O 7. O-O c6 8. c5 b6
9. b4 a5 10. Qc2 axb4 11. Bxb4 Na6 12. Ba3 bxc5 13. dxc5 Ne4 14. Nd4 Bxc5 15.
Bxc5 Nexc5 16. Nxc6 Qd6 17. Nd4 e5 18. Nf5 Bxf5 19. Qxf5 Ne6 20. Nc3 Nac7 21.
Rfd1 Nd4 22. Qd3 Ra3 23. Qd2 Rxc3 24. e3 Rc2 25. Qd3 Nce6 26. exd4 Nxd4 27. Re1
h6 28. Kh1 Rxf2 29. Qe3 Rxg2 30. Kxg2 Nc2 0-1

[Event "World Blitz Women 2022"]
[Site "Almaty KAZ"]
[Date "2022.12.29"]
[Round "3.35"]
[White "Gong, Qianyun"]
[Black "Bayasgalan, Khishigbaatar"]
[Result "1/2-1/2"]
[WhiteTitle "WGM"]
[BlackTitle "WCM"]
[WhiteElo "2299"]
[BlackElo "1811"]
[WhiteFideId "8602425"]
[BlackFideId "4904311"]
[EventDate "2022.12.29"]

1. e4 c5 2. Nc3 e6 3. Nf3 d6 4. g3 Nc6 5. Bg2 g6 6. d4 cxd4 7. Nxd4 Bg7 8. Be3
a6 9. Nxc6 bxc6 10. O-O Ne7 11. Rb1 O-O 12. Ne2 d5 13. c4 a5 14. Bc5 Ba6 15. b3
Re8 16. Qc2 d4 17. Rbd1 e5 18. f4 f6 19. fxe5 fxe5 20. Nc1 Qd7 21. Nd3 Nc8 22.
Qe2 Nd6 23. Bf3 Nb7 24. Bg4 Qc7 25. Qg2 Nxc5 26. Nxc5 Qd6 27. Nd3 Bc8 28. Qh3
Bxg4 29. Qxg4 Qe6 30. Qg5 Qe7 31. Qd2 Bf6 32. h4 Kg7 33. Kg2 Rf8 34. Rf3 Qc7 35.
Rdf1 Be7 36. h5 Rxf3 37. Rxf3 Rf8 38. Qf2 Rxf3 39. Qxf3 Qd6 40. Qg4 Bf6 41. hxg6
hxg6 42. Qc8 Qa3 43. Qd7+ Kg8 44. Qxc6 Qxa2+ 45. Kh3 Qxb3 46. Nc5 Qf3 47. Qe8+
Kg7 48. Ne6+ Kh7 49. Nf8+ Kg7 50. Ne6+ Kh7 51. Qf7+ Kh6 52. Qf8+ Kh5 53. Ng7+
Kg5 54. Ne6+ Kh5 55. Ng7+ Kg5 56. Ne6+ Kh5 1/2-1/2

[Event "World Blitz Women 2022"]
[Site "Almaty KAZ"]
[Date "2022.12.29"]
[Round "3.36"]
[White "Abdumalik, Zhansaya"]
[Black "Borisova, Ekaterina"]
[Result "1-0"]
[WhiteTitle "GM"]
[BlackTitle "FM"]
[WhiteElo "2496"]
[BlackElo "2223"]
[WhiteFideId "13703544"]
[BlackFideId "34124184"]
[EventDate "2022.12.29"]

1. e4 e5 2. Nf3 Nc6 3. d4 exd4 4. Nxd4 g6 5. Nc3 Bg7 6. Be3 Nf6 7. Nxc6 bxc6 8.
e5 Ng8 9. f4 Ne7 10. Bd3 d5 11. exd6 cxd6 12. O-O O-O 13. Kh1 d5 14. Bc5 Re8 15.
Rb1 Nf5 16. Re1 Bd7 17. Qf3 Nd4 18. Qf2 Ne6 19. Bd6 Bd4 20. Qf3 Qf6 21. Ne2 Bb6
22. Be5 Qd8 23. Ng3 Qh4 24. c3 Nc5 25. Bc2 Bg4 26. Qf1 Nd7 27. Bd4 Bxd4 28. cxd4
h5 29. Ba4 Qf6 30. Qf2 Nb6 31. Bc2 h4 32. Nf1 Bf5 33. Bxf5 Qxf5 34. Qxh4 Nc4 35.
b3 Nd6 36. Ng3 Qc2 37. Rbc1 Rxe1+ 38. Rxe1 Qd2 39. Nf1 Qxd4 40. h3 Nf5 41. Qg4
Rd8 42. Kh2 c5 43. h4 Qf6 44. h5 Qh8 45. Re5 Ng7 46. Kg1 Nxh5 1-0

[Event "World Blitz Women 2022"]
[Site "Almaty KAZ"]
[Date "2022.12.29"]
[Round "3.37"]
[White "Osmak, Yuliia"]
[Black "Serikbay, Assel"]
[Result "1-0"]
[WhiteTitle "IM"]
[BlackTitle "WIM"]
[WhiteElo "2451"]
[BlackElo "2230"]
[WhiteFideId "14101602"]
[BlackFideId "13706799"]
[EventDate "2022.12.29"]

1. b4 d5 2. Bb2 Bf5 3. e3 Nd7 4. Nf3 Ngf6 5. Be2 e6 6. b5 Bd6 7. c4 O-O 8. O-O
c5 9. d3 h6 10. Nbd2 Qc7 11. h3 Bh7 12. a4 Rad8 13. Qb3 Ne5 14. Rac1 Nxf3+ 15.
Nxf3 dxc4 16. Rxc4 e5 17. Rfc1 Qe7 18. b6 a6 19. a5 Bf5 20. R4c2 Be6 21. Qa4 Bd7
22. Qa1 Rfe8 23. Nd2 Nd5 24. Ne4 Nb4 25. Rc3 Rc8 26. Bf3 Bc6 27. Ba3 f5 28. Nxd6
Qxd6 29. Bxc6 Rxc6 30. Bxb4 cxb4 31. Rxc6 bxc6 32. Qa2+ Kh8 33. Qc4 Rd8 34. Qxc6
Qxc6 35. Rxc6 b3 36. b7 b2 37. Rb6 Rb8 38. Rxb2 Kg8 39. Rb6 Kf7 40. Kf1 Ke7 41.
Ke2 Kd7 42. e4 fxe4 43. dxe4 Kc7 44. Kd3 Rd8+ 45. Ke3 Kb8 46. Rxa6 Kxb7 47. Re6
Rf8 48. Rxe5 Ka6 49. f4 Rc8 50. Kf3 Rc3+ 51. Kg4 Rc2 52. g3 Re2 53. h4 Re3 54.
h5 Rd3 55. Rd5 Re3 56. e5 1-0

[Event "World Blitz Women 2022"]
[Site "Almaty KAZ"]
[Date "2022.12.29"]
[Round "3.38"]
[White "Mkrtchian, Lilit"]
[Black "Nomindalai, Tumurbaatar"]
[Result "0-1"]
[WhiteTitle "IM"]
[BlackTitle "CM"]
[WhiteElo "2377"]
[BlackElo "2132"]
[WhiteFideId "13300601"]
[BlackFideId "4904095"]
[EventDate "2022.12.29"]

1. Nf3 c5 2. c4 g6 3. e3 Nf6 4. d4 cxd4 5. exd4 d5 6. Nc3 Bg7 7. Be2 O-O 8. O-O
Nc6 9. h3 Bf5 10. a3 Rc8 11. c5 b6 12. Ba6 Rb8 13. Bf4 bxc5 14. Bxb8 Qxb8 15.
dxc5 Rd8 16. Qc1 Ne4 17. Na4 Na5 18. Nd2 Nxd2 19. Qxd2 Nb3 20. Qe2 Nxa1 21. Rxa1
e5 22. b4 e4 23. Rd1 d4 24. Nb2 d3 25. Qd2 Be6 26. Nc4 Qc7 27. Nd6 Be5 28. Qe3
f5 29. Bc4 Bxc4 30. Nxc4 Bf4 31. Qe1 Rd4 32. Ne3 Qe5 33. Qc3 Bxe3 34. fxe3 Rd5
35. Qc4 Kg7 36. c6 Rd8 37. c7 Rc8 38. Rc1 d2 39. Rd1 Rxc7 40. Qe2 Rc2 41. Rxd2
Qa1+ 42. Kh2 Rxd2 43. Qxd2 Qxa3 44. Qd4+ Kh6 45. Qf6 Qxb4 46. Qh4+ Kg7 47. Qd8
a5 48. Qc7+ Kg8 49. Qc8+ Kf7 50. Qc7+ Qe7 51. Qc4+ Qe6 52. Qb5 Qd6+ 53. Kg1 Qd3
54. Qb7+ Kf6 55. Qb6+ Kg7 56. Qc7+ Kh6 57. Qf4+ g5 58. Qxf5 Qxe3+ 59. Kh1 Qc1+
60. Kh2 Qf4+ 0-1

[Event "World Blitz Women 2022"]
[Site "Almaty KAZ"]
[Date "2022.12.29"]
[Round "3.39"]
[White "Paramzina, Anastasya"]
[Black "Kirchei, Viktoriia"]
[Result "1-0"]
[WhiteTitle "WGM"]
[BlackTitle "WFM"]
[WhiteElo "2227"]
[BlackElo "2070"]
[WhiteFideId "4165012"]
[BlackFideId "34133396"]
[EventDate "2022.12.29"]

1. e4 d6 2. d4 Nf6 3. Nc3 e5 4. Nf3 Nbd7 5. Rg1 h5 6. h3 c6 7. Be3 Qc7 8. g4
hxg4 9. hxg4 Nb6 10. Nd2 Be7 11. g5 Nfd7 12. Qf3 exd4 13. Bxd4 Ne5 14. Qg3 Be6
15. f4 Nec4 16. Nxc4 Bxc4 17. Bxb6 Qxb6 18. Bxc4 Rh3 19. Qxh3 Qxg1+ 20. Bf1 Qd4
21. Qd3 Qb4 22. O-O-O O-O-O 23. Qc4 Qb6 24. Qxf7 Rd7 25. Kb1 d5 26. Bh3 1-0

[Event "World Blitz Women 2022"]
[Site "Almaty KAZ"]
[Date "2022.12.29"]
[Round "3.40"]
[White "Bauyrzhan, Arnash"]
[Black "Koneru, Humpy"]
[Result "0-1"]
[BlackTitle "GM"]
[WhiteElo "2041"]
[BlackElo "2572"]
[WhiteFideId "13706322"]
[BlackFideId "5008123"]
[EventDate "2022.12.29"]

1. e4 e5 2. Nf3 Nf6 3. Nxe5 d6 4. Nf3 Nxe4 5. d4 d5 6. Bd3 Bd6 7. O-O O-O 8. c4
c6 9. cxd5 cxd5 10. Nc3 Nxc3 11. bxc3 Bg4 12. Rb1 b6 13. Rb5 a6 14. Rxd5 Bxh2+
15. Nxh2 Bxd1 16. Rxd8 Rxd8 17. Rxd1 Nc6 18. Bf4 b5 19. Be4 Rac8 20. d5 Ne7 21.
Rd3 Rc4 22. Re3 f5 23. Bd3 Rxf4 24. Rxe7 Rxd5 25. Be2 Rd2 26. Nf3 Rxa2 27. Ng5
Kf8 28. Ne6+ Kxe7 29. Nxf4 g5 30. Nd5+ Kd6 31. Bf3 g4 0-1

[Event "World Blitz Women 2022"]
[Site "Almaty KAZ"]
[Date "2022.12.29"]
[Round "3.41"]
[White "Ovod, Evgenija"]
[Black "Balakanova, Bakhyt"]
[Result "1-0"]
[WhiteTitle "IM"]
[BlackTitle "WFM"]
[WhiteElo "2323"]
[BlackElo "2005"]
[WhiteFideId "4131827"]
[BlackFideId "13705881"]
[EventDate "2022.12.29"]

1. e4 Nf6 2. e5 Nd5 3. d4 d6 4. c4 Nb6 5. exd6 exd6 6. Nc3 Be7 7. Bd3 Nc6 8.
Nge2 Bf6 9. Be3 O-O 10. b3 Bg4 11. Qd2 Re8 12. O-O d5 13. c5 Nc8 14. Nf4 N8e7
15. Nce2 g6 16. Bc2 Bf5 17. Bd1 Bg7 18. Ng3 Bc8 19. b4 a6 20. a4 h5 21. h4 Nf5
22. Nxf5 Bxf5 23. g3 Be4 24. f3 Bf5 25. Bf2 Ne7 26. Re1 c6 27. Be2 Kh7 28. Bf1
Ng8 29. b5 axb5 30. axb5 Rxa1 31. Rxa1 Ne7 32. bxc6 Nxc6 33. Ra3 Qc7 34. Rb3 Qd7
35. Qb2 Rb8 36. Bb5 Qc7 37. Nxd5 Qd7 38. Nb6 1-0

[Event "World Blitz Women 2022"]
[Site "Almaty KAZ"]
[Date "2022.12.29"]
[Round "3.42"]
[White "Nurgaliyeva, Zarina"]
[Black "Nurgali, Nazerke"]
[Result "0-1"]
[WhiteTitle "WFM"]
[BlackTitle "WIM"]
[WhiteElo "2013"]
[BlackElo "2168"]
[WhiteFideId "13730096"]
[BlackFideId "13711261"]
[EventDate "2022.12.29"]

1. e4 c6 2. d4 d5 3. e5 Bf5 4. Nd2 e6 5. Nb3 Nd7 6. Nf3 a6 7. Be2 h6 8. O-O c5
9. dxc5 Bxc5 10. Nxc5 Nxc5 11. Nd4 Ne7 12. a4 O-O 13. Bd2 Rc8 14. h3 Bh7 15. Bb4
Re8 16. Qd2 Nf5 17. Nxf5 Bxf5 18. Kh1 Qc7 19. Bxc5 Qxc5 20. c3 Red8 21. Rad1 Qc7
22. Qd4 Qa5 23. Rd2 Rc6 24. Qh4 Rdc8 25. Kh2 Qc7 26. Qg3 Bg6 27. Re1 Rc5 28. Bd1
b5 29. axb5 axb5 30. Qe3 Qb7 31. g4 b4 32. cxb4 Qxb4 33. f4 Rc4 34. Rf2 Re4 35.
Qxe4 Bxe4 36. f5 Qxe1 0-1

[Event "World Blitz Women 2022"]
[Site "Almaty KAZ"]
[Date "2022.12.29"]
[Round "3.43"]
[White "Kairbekova, Amina"]
[Black "Martins de Aguiar, Marina"]
[Result "1-0"]
[WhiteTitle "WIM"]
[WhiteElo "2209"]
[BlackElo "1877"]
[WhiteFideId "13712799"]
[BlackFideId "2143321"]
[EventDate "2022.12.29"]

1. e4 c5 2. Nf3 e6 3. d4 cxd4 4. Nxd4 Nf6 5. Nc3 Nc6 6. Be2 Bb4 7. O-O O-O 8.
Nxc6 bxc6 9. e5 Bxc3 10. bxc3 Nd5 11. Qd3 a5 12. Qh3 Qc7 13. f4 f6 14. Bd3 f5
15. g4 Ba6 16. c4 Nb4 17. Ba3 Qb6+ 18. Rf2 Nxd3 19. cxd3 Rf7 20. gxf5 Rxf5 21.
c5 Qd8 22. Qg3 Qf8 23. Kh1 Rb8 24. Rg1 Rf7 25. d4 Bc4 26. h4 Bd5+ 27. Kh2 Rf5
28. Bc1 Rb4 29. Qe3 Qe7 30. Rg5 h6 31. Rg4 Rh5 32. Kg3 a4 33. Ba3 Rb1 34. Bc1
Bxa2 35. Rxa2 Rb3 36. Rxa4 Rxe3+ 37. Bxe3 Kh7 38. Ra8 Rf5 39. Kh3 Rf8 40. Ra1
Rb8 41. Rag1 Rg8 42. h5 Qf7 43. Kh4 Qf5 44. Bf2 Qc2 45. Bg3 Qd3 46. Bf2 Qf3 47.
Bg3 Qe2 48. Kh3 Qe3 49. f5 exf5 50. Rg6 f4 1-0

[Event "World Blitz Women 2022"]
[Site "Almaty KAZ"]
[Date "2022.12.29"]
[Round "3.44"]
[White "Hajiyeva, Laman"]
[Black "Balakanova, Gulnar"]
[Result "1-0"]
[WhiteTitle "WFM"]
[BlackTitle "WFM"]
[WhiteElo "2135"]
[BlackElo "1743"]
[WhiteFideId "13415875"]
[BlackFideId "13705890"]
[EventDate "2022.12.29"]

1. e4 c5 2. c3 Nc6 3. d4 cxd4 4. cxd4 e6 5. Nc3 d5 6. e5 Bb4 7. Nf3 Nge7 8. Bd3
h6 9. O-O O-O 10. a3 Bxc3 11. bxc3 a6 12. a4 Bd7 13. Bf4 Rc8 14. Qd2 f5 15. Bxh6
gxh6 16. Qxh6 Qe8 17. Kh1 Qg6 18. Qf4 Rf7 19. Rg1 Qg4 20. Qd2 Rh7 21. Ng5 Rh5
22. Nh3 Ng6 23. Be2 Qh4 24. Bxh5 Qxh5 25. Qe3 Rf8 26. Nf4 Nxf4 27. Qxf4 Ne7 28.
g4 Qh4 29. Qf3 Kh7 30. Rg3 fxg4 31. Qxf8 Ng6 32. Qf7+ Kh6 33. Qxd7 Qg5 34. Qxe6 1-0

[Event "World Blitz Women 2022"]
[Site "Almaty KAZ"]
[Date "2022.12.29"]
[Round "3.45"]
[White "Samaganova, Aleksandra"]
[Black "Khamdamova, Afruza"]
[Result "1/2-1/2"]
[WhiteTitle "WFM"]
[BlackTitle "WFM"]
[WhiteElo "1884"]
[BlackElo "2139"]
[WhiteFideId "13800221"]
[BlackFideId "14210444"]
[EventDate "2022.12.29"]

1. c4 Nf6 2. Nc3 e5 3. Nf3 Nc6 4. a3 d5 5. cxd5 Nxd5 6. Qc2 Be6 7. e3 Be7 8. b4
Nxc3 9. dxc3 O-O 10. e4 f5 11. Bd3 f4 12. Bb2 Bf6 13. a4 Qd7 14. a5 a6 15. Ba3
Rfd8 16. Be2 Qf7 17. O-O Bb3 18. Qb2 Be6 19. Rfd1 Qg6 20. Qc2 Bg4 21. Kh1 Kh8
22. Rxd8+ Rxd8 23. Rd1 Re8 24. Bb2 Qh5 25. Ng1 Bxe2 26. Qxe2 Qf7 27. Nf3 h6 28.
Rd2 Rd8 29. Qd1 Qe8 30. Qc2 Rd7 31. Rxd7 Qxd7 32. h3 Kh7 33. Kh2 Ne7 34. Qd2 Qe6
35. Qd3 Ng6 36. c4 Be7 37. b5 Bc5 38. Kg1 axb5 39. cxb5 c6 40. bxc6 bxc6 41. a6
Qe7 42. Qc4 Qa7 43. Qc2 Bb6 44. Nxe5 Nxe5 45. Bxe5 Qxa6 46. Bxf4 Qa1+ 47. Kh2 c5
48. e5+ Kh8 49. Qf5 Qd4 50. Qf8+ Kh7 51. Qf5+ Kh8 52. Qf8+ Kh7 53. Qf5+ Kh8 54.
Qf8+ Kh7 55. Qf5+ Kh8 56. Qf8+ 1/2-1/2

[Event "World Blitz Women 2022"]
[Site "Almaty KAZ"]
[Date "2022.12.29"]
[Round "3.46"]
[White "Kaldarova, Ayaulym"]
[Black "Machlik, Monika"]
[Result "0-1"]
[WhiteElo "1832"]
[BlackElo "2114"]
[WhiteFideId "13720503"]
[BlackFideId "1513621"]
[EventDate "2022.12.29"]

1. Nf3 Nf6 2. c4 e6 3. g3 a6 4. Bg2 b5 5. b3 Bb7 6. O-O c5 7. d4 cxd4 8. Nxd4
Bxg2 9. Kxg2 bxc4 10. bxc4 Be7 11. Nc3 O-O 12. e4 Qc7 13. Qd3 Rc8 14. Na4 Nc6
15. Be3 Ne5 16. Qe2 Nxc4 17. Rac1 Nxe3+ 18. Qxe3 Qa5 19. Nc3 Bc5 20. Qd3 Qb6 21.
Nb3 Ba3 22. Rb1 Qc7 23. Na4 Qc2 24. Qf3 Qc7 25. e5 Nd5 26. Nd4 Be7 27. Rfc1 Qa5
28. Qd1 h6 29. h4 Qd8 30. Qb3 Rcb8 31. Qd3 Qa5 32. Nb2 Nb4 33. Qf3 Qxe5 34. Nb3
Nxa2 35. Re1 Qb5 36. Nd4 Qa5 37. Nf5 exf5 38. Rxe7 Nc3 39. Rbe1 Ne4 40. Nc4 Qc5
41. Rxd7 Qxc4 42. g4 Nf6 43. Rde7 fxg4 44. Qg3 Qd5+ 45. Kh2 Re8 46. R1e5 Qc6 47.
Qe3 Rxe7 48. Rxe7 Qd6+ 49. Kg2 Qd5+ 50. Kh2 Qd6+ 51. Kg2 a5 52. Re5 Qc6+ 53. Kh2
a4 54. Qa3 Qc7 55. Qg3 Qb7 56. Re3 a3 57. Rxa3 Rxa3 58. Qxa3 Qf3 59. Qxf3 gxf3
60. Kg3 Kf8 61. Kxf3 Ke7 62. Kf4 Ke6 63. f3 Nd5+ 64. Kg4 Kf6 65. f4 Ne3+ 66. Kf3
Nf5 67. Kg4 Ne7 68. Kf3 Kf5 69. Kg3 Nd5 0-1

[Event "World Blitz Women 2022"]
[Site "Almaty KAZ"]
[Date "2022.12.29"]
[Round "3.47"]
[White "Chen, Jocelyn"]
[Black "Druzhinina, Olga"]
[Result "1-0"]
[WhiteTitle "WCM"]
[WhiteElo "1854"]
[BlackElo "2245"]
[WhiteFideId "30947154"]
[BlackFideId "4141911"]
[EventDate "2022.12.29"]

1. e4 c5 2. Nf3 d6 3. d4 cxd4 4. Nxd4 Nf6 5. Nc3 a6 6. f3 e5 7. Nb3 Be7 8. Be3
O-O 9. Qd2 Be6 10. O-O-O b5 11. g4 b4 12. Nd5 Bxd5 13. exd5 a5 14. g5 Nfd7 15.
Kb1 Na6 16. Bxa6 Rxa6 17. h4 Qc7 18. h5 a4 19. Nc1 b3 20. cxb3 axb3 21. Nxb3
Rfa8 22. Rc1 Qb7 23. Qd3 Rxa2 24. g6 Nf6 25. gxh7+ Nxh7 26. Rcg1 R2a4 27. h6 e4
28. Rxg7+ Kh8 29. fxe4 Bf6 30. e5 Nf8 31. exf6 Rb8 32. Rhg1 Ng6 33. R1xg6 Qxb3
34. Qxb3 Rxb3 35. Rg8+ Kh7 36. R6g7# 1-0

[Event "World Blitz Women 2022"]
[Site "Almaty KAZ"]
[Date "2022.12.29"]
[Round "3.48"]
[White "Kaliakhmet, Elnaz"]
[Black "Nasybullina, Alfia"]
[Result "0-1"]
[WhiteTitle "WFM"]
[BlackTitle "WIM"]
[WhiteElo "1786"]
[BlackElo "2027"]
[WhiteFideId "13730169"]
[BlackFideId "4132416"]
[EventDate "2022.12.29"]

1. d4 Nf6 2. c4 c5 3. d5 e6 4. Nc3 exd5 5. cxd5 d6 6. e4 g6 7. Nf3 Bg7 8. h3 O-O
9. Bd3 Re8 10. O-O c4 11. Bxc4 Nxe4 12. Nxe4 Rxe4 13. Bd3 Re8 14. Bg5 f6 15. Bf4
Nd7 16. Bxd6 Nb6 17. Bg3 Qxd5 18. a4 Be6 19. a5 Nc4 20. Bxc4 Qxc4 21. Rc1 Qb5
22. Re1 Bf7 23. Rc7 Rxe1+ 24. Qxe1 Re8 25. Qd2 Bf8 26. Qd7 Qxd7 27. Rxd7 Re7 28.
Rd8 Re8 29. Rd7 Re7 30. Rd4 Re2 31. Nd2 Bc5 32. Rd8+ Kg7 33. b3 f5 34. Nc4 g5
35. Be5+ Kg6 36. Bd4 Re1+ 37. Kh2 Rd1 38. Bxc5 Rxd8 39. Bxa7 Bxc4 40. bxc4 Rc8
41. c5 Rc6 42. Bb6 h5 43. g3 Kf7 44. f4 g4 45. hxg4 hxg4 46. Kg2 Ke6 47. Kf2 Kd5
48. Ke3 Rh6 49. Ba7 Rh1 50. Bb6 Re1+ 51. Kf2 Rb1 52. Ke3 Rb3+ 53. Kf2 Ra3 54.
Kg2 Ke4 55. Kf2 Ra2+ 56. Ke1 Kf3 57. Kd1 Kxg3 58. Bc7 Kf3 59. Be5 Rxa5 60. Kd2
g3 61. Kd3 g2 62. Bd4 Ra3+ 63. Kc2 Kxf4 64. Kb2 Rd3 65. Bg1 Rd1 66. Bh2+ Ke4 0-1